000 00762nam a2200253 a 4500
001 49669
003 BD-RjUL
005 20211209054718.0
008 160822s1974 nyu b 000 0 eng
020 _a0024251601
035 _a(BD-RjUL)49789
040 _aDLC
_cDLC
_beng
_dBD-RjUL
041 _aeng
082 _223
_a361.973
_bWEP 1974
100 1 _aWeinberger, Paul E.
_9148932
245 1 0 _aPerspectives on social welfare :
_ban introductory anthology /
_cPaul E. Weinberger
250 _a2d ed.
260 _aNew York :
_bMacmillan,
_c1974
300 _axi, 519 p. ;
_c24 cm.
504 _aIncludes bibliographical references
650 0 _aSocial service
_zUnited States
_9148933
650 0 _aPublic welfare
_zUnited States
_9118508
942 _2ddc
_cBK
999 _c49669
_d49669